000 00707cab a2200289 4500
001 X902
008 090401t1993 xxu||||| |||| 00| 0 eng d
035 _a(Sirsi) u68154
041 _aeng
100 _aFowler, D.
245 _aStands up sit down
260 _c1993
350 _a0
490 _aNew Civil Engineer
_v(1052) 29 July/5 August 1993, 16-18(3)
650 _aARSENAL FOOTBALL CLUB
650 _aFOOTBALL
650 _aLEEDS
650 _aMANCHESTER
650 _aMILLWALL
650 _aSTADIA
650 _aSTADIUM
690 _aBUILDING AND CONSTRUCTION-PROJECTS
690 _aECONOMIC AND SOCIAL
690 _aLEISURE AND RECREATION
942 _n0
948 _c04/03/1997
999 _c42733
_d42733